| 000 | 00507nam a2200181Ia 4500 | ||
|---|---|---|---|
| 008 | 220531s9999 xx 000 0 und d | ||
| 041 | _amar | ||
| 082 | _bJAD | ||
| 100 |
_aजाधवर, सु. यु. _973831 |
||
| 245 | _aपर्यावरणीय सतर्कता | ||
| 250 | _a1ST | ||
| 260 |
_aPune _bSuccess _c2014 |
||
| 300 | _a8.4 | ||
| 542 | _d09-10-2018 | ||
| 650 |
_aEnviornment _973832 |
||
| 906 |
_cS.Y.B.Com. _d2018-2019 _eElantas Beck co. _f14996 |
||
| 999 |
_c41145 _d41145 |
||